000
00307nam a22001457a 4500
020
_a
81-8423-048-6
082
_a
894.812
_b
KAY/K
100
_a
JAYASHEELAN, P.R
245
_a
JEEVITHA REKHAKAL
260
_a
THRISSUR
_b
GREEN BOOKS
_c
2010
300
_a
96
520
_a
NOVEL
650
_a
NOVEL
942
_c
BK
999
_c
5369
_d
5369